<?xml version="1.0" encoding="UTF-8"?><?xml-stylesheet type="text/xsl" href="static/style.xsl"?><OAI-PMH xmlns="http://www.openarchives.org/OAI/2.0/" xmlns:xsi="http://www.w3.org/2001/XMLSchema-instance" xsi:schemaLocation="http://www.openarchives.org/OAI/2.0/ http://www.openarchives.org/OAI/2.0/OAI-PMH.xsd"><responseDate>2026-06-06T19:23:22Z</responseDate><request verb="GetRecord" identifier="oai:docta.ucm.es:20.500.14352/137040" metadataPrefix="marc">https://docta.ucm.es/rest/oai/request</request><GetRecord><record><header><identifier>oai:docta.ucm.es:20.500.14352/137040</identifier><datestamp>2026-06-02T00:11:53Z</datestamp><setSpec>com_20.500.14352_14</setSpec><setSpec>col_20.500.14352_22</setSpec></header><metadata><record xmlns="http://www.loc.gov/MARC21/slim" xmlns:dcterms="http://purl.org/dc/terms/" xmlns:xsi="http://www.w3.org/2001/XMLSchema-instance" xmlns:doc="http://www.lyncode.com/xoai" xsi:schemaLocation="http://www.loc.gov/MARC21/slim http://www.loc.gov/standards/marcxml/schema/MARC21slim.xsd">
   <leader>00925njm 22002777a 4500</leader>
   <datafield ind2=" " ind1=" " tag="042">
      <subfield code="a">dc</subfield>
   </datafield>
   <datafield ind2=" " ind1=" " tag="720">
      <subfield code="a">Martín Sanz, Cristina</subfield>
      <subfield code="e">author</subfield>
   </datafield>
   <datafield ind2=" " ind1=" " tag="260">
      <subfield code="c">2026-06-01</subfield>
   </datafield>
   <datafield ind2=" " ind1=" " tag="520">
      <subfield code="a">Es ampliamente sabido que las unidades fraseológicas forman parte de las conversaciones entre los hablantes españoles. En este trabajo tenemos por objetivo comprobar si ocurre lo mismo con los hablantes no nativos. El universo parémico es interesante desde la visión lingüística y desde la discursiva, y alude, principalmente, al conocimiento compartido. En consecuencia, el presente trabajo, titulado La competencia paremiológica de hablantes nativos y no nativos de español: una aproximación empírica, pretende medir la competencia paremiológica que tienen los hablantes nativos y no nativos a través de un cuestionario (estudio cuantitativo), cuya investigación está incluida en el estudio empírico 2, así como cotejar los pensamientos de los hablantes acerca de los refranes, a partir de una encuesta de percepciones (estudio cualitativo)...</subfield>
   </datafield>
   <datafield ind2=" " ind1=" " tag="520">
      <subfield code="a">It is widely known that phraseological units are part of conversations among Spanish speakers. In this work, we aim to examine whether the same situation takes place among non-native speakers. The paremic universe is interesting from a linguistic and discursive point of view, referring mainly to shared knowledge. Consequently, this paper, entitled The Paremiological Competence and Perception of Native and Non-Native Speakers: An Empirical Approach, aims to measure the paremiological competence of native and non- native speakers by means of a questionnaire (quantitative study), whose research is included in empirical study 2. It also aims to compare thoughts about paremiological issues on the basis of a perceptions survey (qualitative study) in empirical study 3, the responses to which are cross-checked with the results extracted from the selected databank in empirical study 1...</subfield>
   </datafield>
   <datafield ind1="8" ind2=" " tag="024">
      <subfield code="a">https://hdl.handle.net/20.500.14352/137040</subfield>
   </datafield>
   <datafield ind2="0" ind1="0" tag="245">
      <subfield code="a">La competencia paremiológica de hablantes nativos y no nativos de español : una aproximación empírica</subfield>
   </datafield>
   <datafield ind2="0" ind1="0" tag="245">
      <subfield code="a">The paremiological competence of native and non-native speakers of Spanish : an emprical approach</subfield>
   </datafield>
</record></metadata></record></GetRecord></OAI-PMH>